000 01047nam a22002657a 4500
001 BD-DhSAU
003 BD-DhSAU
005 20240330111923.0
008 150420b2005 bg ||||| m||| 00| 0 eng d
040 _aBD-DhSAU
082 _222
_a630
_bIs41
100 _aISLAM, MD. MAZHARUL
_eRegistration No. # 15-06615
245 _aInfluence of fertilizer management on the growth and yield of boro rice /
_bMS thesis
260 _aSher-e-Bangla Agricultural Uniersity :
_bDepartment of Agronomy;
_c2022.
300 _axiii, 101 p. ;
_c30 cm.
500 _aMS thesis of Department of Agronomy, Faculty of Agriculture, Sher-e-Bangla Agricultural University, Dhaka, Bangladesh
504 _aIncludes bibliographical reference.
590 _aNazmul
650 _afertilizer management
651 _aboro rice
700 _aProf. Dr. A. K. M. Ruhul Amin
_eSuperviser
700 _aProf. Dr. Md. Shahidul Islam
_eCo-superviser
856 _uhttp://archive.saulibrary.edu.bd:8080/xmlui/handle/123456789/5116
942 _2ddc
_cTHESIS
999 _c17507
_d17506